Score 0/16 Timer 02:00
4 Plays Today
Clue Answer % Correct
Length times widthAREA
94.7%
DifficultHARD
94.6%
To extremely dislike; loatheHATE
94.2%
A large relative of the rabbitHARE
92.6%
A large group of animals; cows, buffalo, e.g.HERD
92.6%
The pattern found on graph paper; another name for a city's power systemGRID
91.8%
A door used to pass through a fence or wallGATE
91.3%
2010 Coen Bros. film: True ___GRIT
90%
Clue Answer % Correct
Description of an extremely dry environmentARID
88.4%
Greek god of warARES
85.5%
Opera soloARIA
85.1%
An extremely powerful windstormGALE
84%
The Greek queen of the godsHERA
81.4%
An elaborate party or ballGALA
79.9%
A way or manner of walkingGAIT
75.2%
The Greek mother of all TitansGAIA
69%

Today's Daily Dose

Remove Ads.
Support Sporcle.
Get the best of Sporcle when you Go Orange. This ad-free experience offers more features, more stats, and more fun while also helping to support Sporcle. Thank you for becoming a member.

You're not logged in!

Compare scores with friends on all Sporcle quizzes.
OR
Log In

Show Comments

Extras

Top Quizzes Today


Score Distribution

Your Account Isn't Verified!

In order to create a playlist on Sporcle, you need to verify the email address you used during registration. Go to your Sporcle Settings to finish the process.

Report this User

Report this user for behavior that violates our Community Guidelines.

Details: